| 000 | 00756nam a2200205Ia 4500 | ||
|---|---|---|---|
| 003 | GCL | ||
| 005 | 20240530102246.0 | ||
| 008 | 140319s9999 xx 000 0 ara d | ||
| 040 |
_aGCL / _cGCL |
||
| 082 | 0 | 4 |
_a515.9 _bش ن |
| 100 | 1 | _aشبيجل، موراى | |
| 245 | 1 | 0 |
_aنظريات ومسائل فى الدوال المركبة : مع مقدمة فى التناظر الحافظ للزوايا وتطبيقاتة / _cشبيجل، موراى |
| 260 |
_a[S.N] : _bالدار الدولية للنشر والتوزيع ، _c1993 |
||
| 300 | _a474 | ||
| 490 |
_aسلسلة ملخصات شوم _v0 |
||
| 650 | 0 | 4 | _aالرياضيات |
| 700 | 1 | _aحسن العويضى(مترجم) | |
| 700 | 1 | _aعطية عاشور (مراجع) | |
| 942 |
_2ddc _cBK |
||
| 999 |
_c30968 _d30968 |
||